000 01079nam a2200301 i 4500
001 000022590
003 DO-SdBNP
005 20260415174539.0
007 ta
008 100203s1981 dr 000 0 spa d
040 _aDO-SdBNP
_bspa
_cBNPHU
_erda
082 4 _a320.97293
_bF825h
_222
100 1 _aFranco, Franklin J.,
_d1936-
_934417
_eautor
_4aut.
245 1 0 _aHistoria de las ideas políticas en la República Dominicana :
_bcontribución a su estudio /
_cFranklin Franco Pichardo.
264 _aSanto Domingo :
_bEditora Nacional,
_c[1981].
300 _a305 paginas ;
_c21 cm.
336 _atexto
_btxt
_2rdacontent
337 _asin mediación
_bn
_2rdamedia
338 _avolumen
_bnc
_2rdacarrier
504 _aBibliografía : páginas 304-309
590 _aInventariado, 2018/ YL
650 4 _aCiencia política
_zRepública Dominicana
_xHistoria
_934443
650 0 _a
_912155
651 0 _aRepública Dominicana
_xPolítica y gobierno
_945
651 4 _aRepública Dominicana
_xHistoria
_9170
910 _aValidado. Control de calidad MMOLINA
942 _2ddc
_cLBS1
999 _c22087
_d22087